| 000 | 01114nam a2200265Ia 4500 | ||
|---|---|---|---|
| 003 | OSt | ||
| 005 | 20221005112019.0 | ||
| 006 | a|||||r|||| 00| 0 | ||
| 007 | ta | ||
| 008 | 221004b |||||||| |||| 00| 0 san d | ||
| 020 |
_a9789381189269 (hbk) _cINR 600.00 |
||
| 024 | _a37112 | ||
| 037 |
_b275, 10/03/2018, Bharatiya Book Corporation _cTextual |
||
| 040 |
_aCRL _cCRL _bsan |
||
| 041 |
_2san _asan |
||
| 082 | _aDelta2:864, 152Q7 | ||
| 100 | _aमिश्र, सच्चिदानन्द, ले. | ||
| 245 | 0 | _aभारतीय ज्यौतिष संहिता स्कन्ध का इतिहास | |
| 246 | _aBhāratīya jyautiṣh sanhitā skandha kā itihāsa | ||
| 260 |
_aवाराणसी _bभारतीय विद्या संस्थान भारत _c2017 |
||
| 300 |
_a282पृ0 _ccm. |
||
| 650 | _aज्योतिष शास्त्र | ||
| 942 |
_hDelta2:864, 152Q7 _cTEXL _2cc |
||
| 999 |
_c1023562 _d1023562 |
||